[Event "European Blitz 2022"]
[Site "Katowice POL"]
[Date "2022.12.16"]
[Round "9.11"]
[White "Svane, R."]
[Black "Abdrlauf, Elham"]
[Result "1-0"]
[WhiteElo "2622"]
[BlackElo "2518"]
[PlyCount "49"]
[EventDate "2022.12.16"]
[EventType "blitz"]

1. Nf3 d5 2. g3 g6 3. Bg2 Bg7 4. d4 e6 5. O-O Ne7 6. c4 O-O 7. Qc2 b6 ({RR} 7... Nbc6 8. Rd1 b6 9. e3 Bb7 10. b3 Nb4 11. Qe2 c5 12. Bb2 dxc4 13. bxc4 cxd4 14. exd4 Nf5 15. d5 exd5 16. Bxg7 Nxg7 17. Nc3 Qf6 18. Qe5 Nh5 19. Rab1 d4 20. Qxd4 Qxd4 21. Nxd4 Bxg2 22. Kxg2 {Giri,A (2752)-Kasimdzhanov,R (2700) Rosmalen 2014 ½-½ (40)}) ({RR} 7... dxc4 8. Qxc4 a6 9. Qc2 Bd7 10. Ne5 Nbc6 11. Nxd7 Qxd7 12. e3 Rad8 13. Nc3 e5 14. d5 Nb4 15. Qb3 Nd3 16. Qxb7 f5 17. e4 f4 18. Qxa6 Nxc1 19. Rfxc1 Rf6 20. Qc4 Kh8 21. Nb5 c6 22. Nc3 {Leitao,R (2592)-Abdrlauf,E (2487) Chess.com INT 2022 1-0 (66)}) 8. cxd5 ({RR} 8. Rd1 Ba6 9. b3 Nbc6 10. Bb2 Rc8 11. Nbd2 Nb4 12. Qc1 Bh6 13. Ne5 c5 14. dxc5 bxc5 15. Ng4 Bg7 16. Bxg7 Kxg7 17. Ne4 Nf5 18. Nxc5 Rxc5 19. Qc3+ d4 20. Qxb4 Qc7 21. e4 dxe3 22. Qc3+ f6 {Pavlov,S (2474)-Zheglov,V (2237) chess.com INT 2023 1-0 (68)}) 8... exd5 9. Rd1 $146 ({RR} 9. Bf4 Nbc6 10. Nc3 Bf5 11. Qa4 Qd7 12. Rfe1 h6 13. Rac1 g5 14. Ne5 Nxe5 15. Bxe5 Qxa4 16. Nxa4 Bxe5 17. dxe5 c6 18. f3 Rae8 19. e3 f6 {½-½ (19) Gurevich,M (2540)-Bareev,E (2535) Moscow 1987}) 9... Bf5 10. Qb3 c5 11. dxc5 bxc5 12. Nc3 c4 13. Qa4 Nd7 14. Nxd5 Nxd5 15. Rxd5 Nb6 16. Rxd8 Raxd8 17. Qa5 Rd1+ 18. Bf1 Bh3 19. Ne1 Be6 20. Nc2 Bh3 21. Be3 Rxa1 22. Nxa1 Bxf1 23. Kxf1 Bxb2 24. Nc2 c3 25. Bd4 1-0

[Event "European Blitz 2022"]
[Site "Katowice POL"]
[Date "2022.12.16"]
[Round "12.8"]
[White "Yuffa, D."]
[Black "Gavrilescu, David"]
[Result "1-0"]
[WhiteElo "2587"]
[BlackElo "2522"]
[PlyCount "16"]
[EventDate "2022.12.16"]
[EventType "blitz"]

1. Nf3 d5 2. g3 Nf6 3. Bg2 e6 4. c4 Be7 5. d3 ({RR} 5. Qa4+ c6 6. O-O O-O 7. d3 Nbd7 8. Bf4 Re8 9. Qc2 Bf8 10. d4 c5 11. cxd5 Nxd5 12. Bg5 Be7 13. Bxe7 Qxe7 14. Nc3 Nxc3 15. Qxc3 Rb8 16. Qa3 a6 17. dxc5 Qxc5 18. b4 Qh5 19. Rac1 e5 {Burmakin,V (2605)-Collins,S (2408) Tromsoe 2010 0-1 (38)}) 5... O-O 6. d4 $146 ({RR} 6. Nbd2 b6 7. O-O Bb7 8. b3 c5 9. Qc2 Nc6 10. a3 Qc7 11. Bb2 Rfd8 12. cxd5 exd5 13. d4 Ba6 14. Rfe1 c4 15. bxc4 dxc4 16. Ne5 Nd5 17. e4 c3 18. exd5 cxb2 19. Qxb2 Nxe5 20. dxe5 Rac8 {Sasdi,S-Dios,I (2024) Hungary 2007 1-0}) ({RR} 6. Nbd2 c5 7. O-O Nc6 8. a3 a5 9. h3 a4 10. b4 axb3 11. Qxb3 Qc7 12. e3 Bd7 13. Rb1 Rfb8 14. Bb2 Na5 15. Qa2 b5 16. Be5 Bd6 17. Bxf6 gxf6 18. cxd5 c4 19. Ne4 exd5 20. Nxf6+ Kg7 {Dovzhenko,V (2044)-Karpinets,A (1759) Pardubice CZE 2024 0-1 (43)}) 6... c5 7. dxc5 dxc4 8. O-O Qc7 1-0

[Event "European Blitz 2022"]
[Site "Katowice POL"]
[Date "2022.12.16"]
[Round "13.3"]
[White "Kazakouski, Valery"]
[Black "Yuffa, D."]
[Result "1-0"]
[WhiteElo "2539"]
[BlackElo "2587"]
[PlyCount "93"]
[EventDate "2022.12.16"]
[EventType "blitz"]

1. Nf3 d5 2. c4 d4 3. b4 a5 4. b5 c5 5. e3 g6 6. exd4 cxd4 ({RR} 6... Bg7 7. Na3 Nh6 8. Rb1 cxd4 9. d3 Nd7 10. Be2 O-O 11. Nxd4 Nc5 12. Nb3 Na4 13. Bxh6 Bxh6 14. Qc2 Bg7 15. d4 e5 16. Nd2 exd4 17. Qxa4 d3 18. Bf3 Re8+ 19. Kd1 Qd4 20. h3 Bf5 21. Rb3 {Iturrizaga Bonelli,E (2650)-Hambleton,A (2501) Chess.com INT 2018 1-0 (58)}) 7. d3 Bg7 8. g3 b6 $146 ({RR} 8... Nd7 9. Bg2 Nc5 10. Ba3 Qb6 11. O-O Bf5 12. Nh4 Bc8 13. Qe2 Bf6 14. Nd2 Bxh4 15. gxh4 Ne6 16. Qe5 f6 17. Qg3 Nh6 18. Be4 Nf5 19. Bxf5 gxf5 20. Qf3 Nf8 21. Qh5+ Ng6 22. Rae1 e5 23. f4 {Tartakower,S-Janowski,D New York 1924 1-0 (32)}) 9. Bg2 Bb7 10. O-O Nf6 11. Re1 O-O 12. Bb2 Ra7 13. Nbd2 Ba8 14. Nb3 Bxf3 15. Qxf3 a4 16. Nxd4 Ne8 17. Nc6 Nxc6 18. Bxg7 Nd4 19. Bxd4 Qxd4 20. Qe3 Qxe3 21. fxe3 Nd6 22. Rec1 Rc8 23. Bc6 e6 24. d4 Nf5 25. Kf2 Ne7 26. Be4 Kg7 27. c5 Ra5 28. Rab1 Rb8 29. a3 bxc5 30. Rxc5 Rb6 31. Rb4 f5 32. Bf3 Kf6 33. e4 fxe4 34. Bxe4 h5 35. h4 Nf5 36. Bxf5 gxf5 37. Ke3 Ke7 38. d5 e5 39. Kd3 Rg6 40. Rc7+ Kd8 41. Rh7 Rxg3+ 42. Kc4 Kc8 43. d6 Rg4+ 44. Kc5 Ra8 45. Rh8+ Kb7 46. Rxa8 Kxa8 47. Rxg4 1-0

[Event "European Blitz 2022"]
[Site "Katowice POL"]
[Date "2022.12.16"]
[Round "14.8"]
[White "Donchenko, Alexa"]
[Black "Seo, Jung Min"]
[Result "1-0"]
[WhiteElo "2636"]
[BlackElo "2502"]
[PlyCount "113"]
[EventDate "2022.12.16"]
[EventType "blitz"]

1. Nf3 d5 2. g3 g6 3. Bg2 Bg7 4. d4 Nf6 5. O-O O-O 6. Be3 c6 7. Qc1 Re8 ({RR} 7... Bf5 8. h3 Nbd7 9. Nbd2 Ne4 10. g4 Nxd2 11. Nxd2 Be6 12. Nf3 f6 13. Bh6 Bf7 14. c3 e5 15. dxe5 fxe5 16. Bxg7 Kxg7 17. e4 dxe4 18. Ng5 Nf6 19. Nxe4 Nd5 20. Rd1 Qe7 21. Qg5 Rae8 22. Qxe7 {Landa,K (2626)-Saric,I (2678) Germany 2015 ½-½}) 8. Bh6 ({RR} 8. Rd1 Bf5 9. h3 Nbd7 10. Nh4 Be6 11. Nd2 Rc8 12. f4 c5 13. Nhf3 Qb6 14. c3 Ne4 15. Nxe4 dxe4 16. d5 Bxd5 17. Rxd5 exf3 18. Bxf3 Nf6 19. Rd1 e5 20. fxe5 Rxe5 21. Bf4 Re7 22. Rd6 Qb5 {Stefanova,A (2418)-Wyss,J (2270) Skopje MKD 2024 1-0 (32)}) 8... Bg4 9. Bxg7 Kxg7 10. c4 $146 ({RR} 10. h3 Bxf3 11. exf3 Qb6 12. c3 e5 13. dxe5 Rxe5 14. Qc2 Nbd7 15. f4 Re7 16. Bf3 Rae8 17. Nd2 Nc5 18. b4 Nce4 19. Kg2 Qa6 20. Nb3 Qb6 21. Rad1 Nd6 22. a4 a6 23. Rd2 {½-½ (23) Sergeev,V (2508)-Shishkin,V (2506) Eforie Nord 2008}) 10... Nbd7 11. Nbd2 Rc8 12. h3 Bxf3 13. Nxf3 dxc4 14. Qxc4 e5 15. dxe5 Nxe5 16. Nxe5 Rxe5 17. Rfd1 Qe7 18. e3 Rd8 19. Qc3 Re6 20. Rd4 Red6 21. Qa3 a6 22. Rc1 Qc7 23. Rxd6 Qxd6 24. Qc3 Qd2 25. Kf1 h5 26. Bf3 Rd6 27. Rc2 Qxc3 28. Rxc3 Nd7 29. Ke1 Kf6 30. h4 Ke7 31. Be2 Rd5 32. Rb3 Nc5 33. Rb4 b5 34. g4 hxg4 35. Rxg4 Nd3+ 36. Bxd3 Rxd3 37. Rg5 Rd6 38. h5 gxh5 39. Rxh5 a5 40. a4 bxa4 41. Rxa5 Rd8 42. Rxa4 Rb8 43. Ra2 Kd6 44. Kd2 f5 45. Kc3 c5 46. Ra4 Kd5 47. Rh4 Rb7 48. Rh6 Rb8 49. Rf6 Ke5 50. Rf7 Ke6 51. Rh7 Ke5 52. f4+ Kd5 53. Re7 Kd6 54. Re5 Rf8 55. Kc4 Rb8 56. b3 Rb4+ 57. Kc3 1-0

[Event "European Blitz 2022"]
[Site "Katowice POL"]
[Date "2022.12.16"]
[Round "16.9"]
[White "Svane, R."]
[Black "Kosteniuk, A."]
[Result "1-0"]
[WhiteElo "2622"]
[BlackElo "2520"]
[PlyCount "70"]
[EventDate "2022.12.16"]
[EventType "blitz"]

1. Nf3 f5 2. d3 Nf6 3. e4 d6 4. Nc3 Nc6 5. exf5 Bxf5 6. d4 e6 ({RR} 6... Nb4 7. Bb5+ c6 8. Ba4 g6 9. O-O Bg7 10. Ne2 O-O 11. Ng3 Bd7 12. h3 b5 13. Bb3+ Nbd5 14. a4 b4 15. Re1 Kh8 16. Bg5 a5 17. Qd2 Ng8 18. Re4 Rf7 19. Rh4 Qf8 20. Re1 Re8 21. c4 {Ding,L (2777)-Zhang,Z (2634) China 2016 1-0 (37)}) ({RR} 6... Qd7 7. Bb5 a6 8. Ba4 b5 9. Bb3 g6 10. h3 Na5 11. Bd5 c6 12. Bb3 Bg7 13. Bf4 Nxb3 14. axb3 O-O 15. O-O Ne4 16. Bh2 Nxc3 17. bxc3 Be4 18. Ng5 Bd5 19. Re1 Rf5 20. Ne4 Raf8 21. Bg3 {Ernst,R (2380)-Roebers,E (2361) chess.com INT 2025 0-1 (59)}) 7. Bc4 d5 $146 ({RR} 7... Qd7 8. Bf4 O-O-O 9. Qd2 h6 10. h3 g5 11. Be3 Kb8 12. O-O-O a6 13. Rhe1 d5 14. Bd3 Bb4 15. Re2 Ne4 16. Bxe4 Bxe4 17. Ne1 Na5 18. b3 Qc6 19. Kb2 Rd6 20. a3 Bxc3+ 21. Qxc3 Qb5 22. Nd3 {Karas,M (2115)-Gazik,V (2229) Liptovsky Mikulas 2014 0-1 (35)}) 8. Bb5 Bd6 9. Ne5 O-O 10. Bxc6 bxc6 11. Bf4 Qe8 12. O-O c5 13. dxc5 Bxc5 14. Nd3 Bb6 15. Qe2 d4 16. Nb1 Nd5 17. Bg3 h5 18. Nd2 Qg6 19. Rae1 Rae8 20. Nc4 Qh7 21. h4 Bg4 22. f3 Bf5 23. Bf2 Bxd3 24. Qxd3 Qxd3 25. cxd3 Nf4 26. Rd1 Bc5 27. Rfe1 Rf5 28. Re4 e5 29. a3 a6 30. b4 Ba7 31. g3 Nd5 32. Rde1 Ne3 33. Bxe3 dxe3 34. Kg2 Bd4 35. Nxe3 Ref8 1-0

[Event "European Blitz 2022"]
[Site "Katowice POL"]
[Date "2022.12.16"]
[Round "16.12"]
[White "Santos Latasa, J."]
[Black "Sebenik, M."]
[Result "1-0"]
[WhiteElo "2668"]
[BlackElo "2538"]
[PlyCount "67"]
[EventDate "2022.12.16"]
[EventType "blitz"]

1. Nf3 d5 2. e3 c5 3. d4 cxd4 4. exd4 Nc6 5. c3 Bf5 6. Qb3 Qd7 ({RR} 6... a6 7. Ne5 Nxe5 8. dxe5 Qc7 9. Be3 e6 10. Nd2 Ne7 11. Be2 Nc6 12. f4 Be7 13. O-O O-O 14. Bb6 Qd7 15. Nf3 h6 16. Rad1 Rac8 17. c4 Nb4 18. Nd4 Be4 19. Qe3 Nxa2 20. f5 exf5 21. cxd5 {Sargissyan,S (2267)-Soham,K (2430) Moscow RUS 2025 0-1 (54)}) 7. Bf4 ({RR} 7. Bb5 f6 8. O-O e6 9. Re1 Bd6 10. c4 Nge7 11. cxd5 exd5 12. Nc3 O-O-O 13. Bxc6 Nxc6 14. Be3 Kb8 15. Nb5 Na5 16. Qa4 a6 17. Qxa5 Qxb5 18. Qxb5 axb5 19. a3 Rc8 20. Bd2 Be4 21. Bc3 Bxf3 {Svane,F (2493)-Andreikin,D (2724) Chess.com INT 2022 0-1 (62)}) 7... e6 8. Nbd2 a6 $146 ({RR} 8... Nge7 9. Ne5 Nxe5 10. Bxe5 Nc6 11. Bg3 f6 12. Be2 h5 13. h3 g5 14. Qd1 Qh7 15. O-O g4 16. h4 Bh6 17. Nb3 O-O 18. Nc5 b6 19. Nd3 Ne7 20. Nf4 Qf7 21. Re1 Be4 22. Bd3 e5 23. dxe5 {Kovalevskaya,E (2467)-Kachiani Gersinska,K (2439) Elista 2004 0-1 (39)}) 9. Be2 Nge7 10. h3 h6 11. Qd1 Nc8 12. a4 Bd6 13. Be3 Bc7 14. Nb3 b6 15. O-O Nd6 16. a5 Nxa5 17. Nxa5 bxa5 18. Ne5 Qc8 19. Qa4+ Kf8 20. Bf4 g5 21. Nd7+ Ke7 22. Be5 Qxd7 23. Bf6+ Ke8 24. Bxh8 Qxa4 25. Rxa4 Rb8 26. Ra2 Nc4 27. Bxc4 dxc4 28. Be5 Bxe5 29. dxe5 Rb5 30. Rfa1 Rxe5 31. Rxa5 Re2 32. Rxa6 Rxb2 33. Rc6 Bd3 34. Rc7 1-0

[Event "European Blitz 2022"]
[Site "Katowice POL"]
[Date "2022.12.16"]
[Round "17.11"]
[White "Deac, Bogdan-Daniel"]
[Black "Abdrlauf, Elham"]
[Result "1-0"]
[WhiteElo "2700"]
[BlackElo "2518"]
[PlyCount "139"]
[EventDate "2022.12.16"]
[EventType "blitz"]

1. Nf3 d5 2. e3 Nf6 3. c4 e6 4. b3 Bd6 5. Bb2 b6 6. g3 Bb7 7. Bg2 O-O 8. O-O Nbd7 9. cxd5 exd5 10. d4 ({RR} 10. Nc3 a6 11. Rc1 Qe7 12. Re1 Rfe8 13. d3 Rac8 14. Re2 b5 15. Rec2 c5 16. a4 Bc6 17. axb5 axb5 18. b4 c4 19. Nd4 Ba8 20. Ncxb5 Bxb4 21. dxc4 Rxc4 22. Nc7 Rxc2 23. Rxc2 Rd8 24. Nxa8 Rxa8 {Levin,E (2469)-Drygalov,A (2457) Sochi RUS 2024 1-0 (69)}) 10... Qe7 11. Nc3 a6 12. Rc1 Rac8 $146 ({RR} 12... Ne4 13. Ne2 Rac8 14. Nf4 Rfd8 15. Nd3 c5 16. Nfe5 Bxe5 17. Nxe5 Nxe5 18. dxe5 c4 19. Bd4 b5 20. f4 Nc5 21. f5 Qg5 22. Rb1 c3 23. Rc1 Ne4 24. Rf4 b4 25. e6 f6 26. Qf3 Nd2 27. Qe2 {Aravindh,C (2606)-Suleymanli,S (2318) Chess.com INT 2022 1-0 (76)}) 13. Ne2 c5 14. dxc5 bxc5 15. Qd3 Rfd8 16. Rfd1 h6 17. Nf4 Ne5 18. Nxe5 Bxe5 19. Bxe5 Qxe5 20. Qd2 Qe7 21. Qa5 Ne4 22. Rc2 Qe5 23. h3 Rd7 24. Rdc1 Rcd8 25. Nd3 Qe7 26. Nxc5 Nxc5 27. Qxc5 Qxc5 28. Rxc5 d4 29. Bxb7 Rxb7 30. Rc8 Rbd7 31. Rxd8+ Rxd8 32. Rd1 d3 33. Kf1 Rd5 34. Ke1 g5 35. Kd2 h5 36. g4 hxg4 37. hxg4 Kg7 38. Rc1 Rd6 39. Rc4 Rf6 40. f4 gxf4 41. Rxf4 Rh6 42. Kxd3 Rc6 43. Ra4 Kg6 44. Ra5 f6 45. b4 Rd6+ 46. Ke2 Rc6 47. a3 Rd6 48. Kf3 Re6 49. Kf4 Rc6 50. e4 Re6 51. g5 fxg5+ 52. Rxg5+ Kf6 53. Rf5+ Kg6 54. Ra5 Kf7 55. Rc5 Kf6 56. e5+ Kf7 57. Kf5 Re7 58. Rc6 Ra7 59. Rh6 Kg7 60. Rg6+ Kf8 61. Rb6 Kf7 62. a4 Ke7 63. Rh6 Kf8 64. a5 Kg7 65. Rb6 Kf7 66. e6+ Ke7 67. Ke5 Ra8 68. Rb7+ Ke8 69. Rh7 Rb8 70. Ke4 1-0

[Event "European Rapid 2022"]
[Site "Katowice POL"]
[Date "2022.12.17"]
[Round "5.6"]
[White "Santos Latasa, J."]
[Black "Abdrlauf, Elham"]
[Result "1-0"]
[WhiteElo "2668"]
[BlackElo "2518"]
[PlyCount "81"]
[EventDate "2022.12.17"]
[EventType "rapid"]

1. Nf3 d5 2. e3 Nf6 3. c4 e6 4. b3 Bd6 5. Bb2 O-O 6. Nc3 b6 7. g4 ({RR} 7. Qc2 c6 8. Be2 Bb7 9. cxd5 exd5 10. O-O Nbd7 11. Rac1 Re8 12. Rfd1 Nc5 13. d3 Rc8 14. b4 Ne6 15. Qb3 Qe7 16. a3 c5 17. bxc5 bxc5 18. Nb5 Bb8 19. Bxf6 gxf6 20. Rb1 Bc6 21. d4 c4 {So,W (2812)-Caruana,F (2808) Paris 2017 0-1 (59)}) ({RR} 7. cxd5 exd5 8. d4 Bb7 9. Bd3 Nbd7 10. O-O a6 11. Rc1 Ne4 12. Qc2 Re8 13. Nd2 Bxh2+ 14. Kxh2 Qh4+ 15. Kg1 Re6 16. Nf3 Qh5 17. Rfe1 Rh6 18. Kf1 Ndf6 19. Ke2 Ng4 20. Nxe4 dxe4 21. Bxe4 Bxe4 {Lim,T (2044)-Bongo Akanga Ndjila,B (1847) chess.com INT 2025 1-0}) 7... Bb7 8. g5 Ne4 9. Rg1 f5 $146 ({RR} 9... Nd7 10. h4 f5 11. gxf6 Ndxf6 12. Nxe4 dxe4 13. Ng5 Qe7 14. Bh3 e5 15. Qc2 Kh8 16. Rc1 c5 17. Bf5 h6 18. Rh1 Nh5 19. Bxe4 hxg5 20. hxg5 g6 21. Bd5 Bxd5 22. cxd5 Kg7 23. f4 Ng3 24. Rh3 {Galperin,P (2461)-Barp,A (2366) Chess.com INT 2020 0-1 (44)}) 10. gxf6 Nxf6 11. Nd4 Bc8 12. Bh3 Qe8 13. cxd5 exd5 14. Bxc8 Qxc8 15. Qf3 Be5 16. Nxd5 Kh8 17. Nxf6 Nd7 18. Rxg7 Nxf6 19. Rg5 Nd7 20. Qh3 Bf6 21. Rd5 Ne5 22. Qxc8 Raxc8 23. Ke2 Ng4 24. f4 c5 25. Rg1 cxd4 26. Ba3 Rg8 27. h3 Nh6 28. Rxg8+ Kxg8 29. e4 Rc2 30. e5 Rxa2 31. Bb4 a5 32. Bd6 Bh4 33. e6 Bf6 34. Be5 Be7 35. Bxd4 a4 36. f5 Nxf5 37. Rxf5 axb3 38. Rb5 Ra4 39. Kd3 Bc5 40. Bxc5 bxc5 41. Rb8+ 1-0

[Event "Russian GP Blitz Final"]
[Site "Moscow RUS"]
[Date "2022.12.16"]
[Round "11.7"]
[White "Grischuk, A."]
[Black "Grachev, B."]
[Result "1-0"]
[WhiteElo "2745"]
[BlackElo "2593"]
[PlyCount "76"]
[EventDate "2022.12.16"]
[EventType "blitz"]

1. Nf3 {Seyb,Alexander} d5 2. g3 Nc6 3. d4 ({RR} 3. Bg2 e5) 3... Bf5 4. Bg2 Nb4 5. Na3 e6 6. O-O Nc6 7. Nb1 ({RR} 7. b3) 7... h6 $146 ({RR} 7... Nb4) ({RR} 7... Nb4 8. c4 Nc2 9. cxd5 ({RR} 9. Nh4 Nxa1 10. Nxf5 exf5 11. Nc3 ({RR} 11. cxd5 Bd6 12. Nc3 Ne7 13. Bg5 h6 14. Bxe7 Qxe7 15. e3 O-O 16. Qd3 Nb3 17. axb3 g6 18. Rc1 h5 19. h4 Rfd8 20. Na4 Rab8 21. Bf3 Kg7 22. Kg2 Rh8 23. Nc5 Rhd8 24. Rc4 Qf6 25. Rc1 Qe7) 11... Nf6 12. Bg5 ({RR} 12. cxd5 Be7 13. Bf4 O-O 14. Qd3 Qd7 15. Rxa1 c6 16. dxc6 bxc6 17. Qc4 Rac8 18. Na4 Rfd8 19. e3 Ne4 20. Rc1 c5 21. Bxe4 fxe4 22. Nxc5 Bxc5 23. dxc5 Qf5 24. h3 Qxh3 25. c6 Qf5 26. Qe2 Rd3) 12... Be7 13. Bxf6 Bxf6 14. Nxd5 O-O 15. e3 c6 16. Nxf6+ Qxf6 17. Qxa1 Rfe8 18. c5 ({RR} 18. b4 a5 19. b5 cxb5 20. c5) 18... g5 19. b4 f4 20. d5 Qxa1 21. Rxa1 fxe3 22. dxc6 e2 23. Re1 Rad8) 9... Nxa1 ({RR} 9... exd5 10. Nh4) 10. dxe6 ({RR} 10. e4 Bxe4 11. dxe6 f6 12. Nc3 Bc2 13. Qe2 c6 14. d5 Ne7 15. Nd4 Bg6 16. Bf4 Qb6 17. dxc6 Nxc6 18. Ndb5 O-O-O 19. e7 Nxe7 20. Qc4+ Nc6 21. Nxa7+ Qxa7 22. Bxc6 b5 23. Qe6+ Rd7 24. Nxb5 Qd4) 10... fxe6 11. e4 Bxe4 12. Nc3 ({RR} 12. Re1 Bxb1 13. Ng5 Bf5 14. Bxb7 ({RR} 14. g4 h6) 14... Ne7 ({RR} 14... Be7 15. Rxe6 Nf6 ({RR} 15... Bxe6 16. Nxe6 Qd6 17. Qa4+ Kf7 18. Qc4) 16. Qa4+ Nd7 17. Qc4) ({RR} 14... Bd6 15. Rxe6+ ({RR} 15. Nxe6 Bxe6 16. Rxe6+ Kf8 17. Qf3+ Nf6 18. Bxa8 Nc2) 15... Bxe6 16. Nxe6 Qe7 17. Qe2 Rd8 18. Bd5 c6 ({RR} 18... Nf6 19. Nxg7+ Kf8 20. Ne6+ Kg8 21. Bg5 Rf8 22. Nd8+ Kg7 23. Ne6+ Kg8 24. Nd8+ Kg7 25. Ne6+) 19. Bg5 ({RR} 19. Bxc6+ Rd7 20. Bg5 Nf6 21. Bxf6 gxf6 22. Qh5+ Qf7 23. Bxd7+ Ke7) 19... cxd5 ({RR} 19... Nf6 20. Nxg7+ Kf8 21. Ne6+ Ke8 22. Ng7+ Kd7 23. Be6+ Kc7 24. Nf5 Qf8 25. Qa6 Kb8) 20. Bxe7 Nxe7 21. Nxd8 Kxd8 22. Qd1 Rf8) 15. Nxe6 Bxe6 16. Rxe6 Rb8 ({RR} 16... Kf7 17. Re5 c6 18. Bg5 h6 19. Qf3+ Kg8 20. Bxe7 Bxe7 21. Bxc6 Bf6 22. Rd5 Qf8 23. Rd7 Rh7 24. Bxa8 g5 25. Bd5+ Kh8 26. Rxh7+ Kxh7 27. Qd1 Qd6 28. Be4+ Kg7 29. Qxa1 Qxd4 30. Qe1 Qxb2 31. Qa5) 17. Qa4+ Kf7 18. Qc4 Rxb7 19. Rxe7+ Kxe7 20. Bg5+ Kd7 21. Bxd8 Kxd8 22. Qd5+ Kc8 23. Qe6+ Kd8 24. Qd5+) 12... Bxf3 ({RR} 12... Bf5 13. Nh4 Qd7 ({RR} 13... Bd6 14. Nxf5 exf5 15. Bxb7 Ne7 16. Bxa8 Qxa8 17. Bg5 O-O 18. Bxe7 Bxe7 19. Qe2 Nc2 20. Qxc2 c5 21. Rc1 Qb7 22. d5 Bf6 23. d6 Qd7 24. Qb3+ Qf7 25. Nd5 Kh8 26. Nxf6 Qxf6 27. d7 Qd6) 14. Nxf5 exf5 15. Bxb7 Rb8 16. Re1+ Be7 17. Bd5 Rb6 18. Bg5 Kf8 19. Bf4 Nf6 20. Bc4 h5 21. h4 Rxb2 22. Qxa1 Rb6 23. Qd1 Bb4 24. Qd3 g6 25. Be5 Kg7 26. Rc1 Bxc3 27. Qxc3) 13. Bxf3 Qd7 ({RR} 13... c6 14. Bg4 ({RR} 14. Re1 Nf6 15. Rxe6+ Be7 16. Bf4 Qd7 17. Re3 O-O) 14... e5 ({RR} 14... Nf6 15. Bxe6) 15. Re1 Nf6 16. Rxe5+ Be7 17. Be6) 14. Bxb7 Rb8 15. Bg2 Nf6 16. Qe2 Be7 17. Bf4 O-O 18. Rxa1 Nd5 ({RR} 18... Bd6 19. Be3 Kh8) 19. Nxd5 exd5 20. Rc1 Rb7 ({RR} 20... Rxf4) 21. Qh5 Rf5 ({RR} 21... c6 22. Bh3 Qe8 23. Be6+ Kh8 24. Qxe8 Rxe8 25. Rxc6 Rxb2 26. Bxd5) 22. Qe2 {Ding,L (2791)-Caruana,F (2835) chess24.com INT 2020 CBM 196 [Seyb,Alexander] ½-½ (35)} ({RR} 22. Bh3 Rxh5 23. Bxd7 Bg5 24. Rxc7 Rxc7 25. Bxc7 Rh6)) ({RR} 7... Nb4) 8. c4 Nf6 9. Nc3 Be7 10. Ne5 O-O 11. cxd5 exd5 12. Bf4 g5 13. Be3 Qd6 14. Nb5 Qd8 15. Rc1 a6 16. Nc3 Qd6 17. f4 g4 18. Qb3 Na5 19. Qa4 b6 20. a3 Rae8 21. Bf2 Bd8 22. b4 Nc4 23. Nxd5 Nxd5 24. Nxc4 Qe6 25. Ne5 b5 26. Qd1 Nb6 27. Rc6 Qa2 28. e4 Bh7 29. Qxg4+ Kh8 30. Rxh6 Rg8 31. Rxh7+ Kxh7 32. Qh5+ Kg7 33. d5 Ref8 34. Ng4 Rh8 35. Bd4+ f6 36. Qg5+ Kf7 37. Bxf6 Bxf6 38. Qxf6+ Ke8 1-0

[Event "Titled Tue 13th Dec Early"]
[Site "chess.com INT"]
[Date "2022.12.13"]
[Round "8"]
[White "Vidit, S."]
[Black "Kazakouski, Valery"]
[Result "1-0"]
[WhiteElo "2730"]
[BlackElo "2539"]
[PlyCount "139"]
[EventDate "2022.12.13"]

1. Nf3 d5 2. e3 Nf6 3. c4 e6 4. Nc3 a6 5. b3 b6 6. Bb2 Bb7 7. cxd5 exd5 8. d4 Nbd7 9. g3 Bd6 10. Bg2 Qe7 ({RR} 10... Ne4 11. O-O Nxc3 12. Bxc3 Qe7 13. Rc1 a5 14. Qc2 Nf6 15. Ne5 O-O 16. Bb2 a4 17. Nc4 Bb4 18. Ne5 Bd6 19. Nc4 Bb4 20. Ne5 {½-½ (20) Malakhov,V (2669)-Rakhmanov,A (2645) Ruma 2020}) 11. O-O O-O 12. Ne1 $146 ({RR} 12. Rc1 Rfe8 13. Ne2 Ne4 14. Nf4 a5 15. Qc2 a4 16. Nd3 a3 17. Ba1 Rac8 18. Nfe5 c5 19. Nxd7 Qxd7 20. dxc5 bxc5 21. Rfe1 c4 22. Nf4 d4 23. Bxd4 Bxf4 24. gxf4 cxb3 25. Qxb3 Bd5 26. Qd3 Qb7 {Sadorra,J (2542)-Juksta,K (2400) Biel SUI 2024 1-0 (38)}) 12... Ne4 13. Nd3 f5 14. Rc1 Rae8 15. Ne2 a5 16. h4 Ba6 17. Nef4 Qf7 18. Re1 g6 19. Qc2 Bb7 20. Ne5 Qg7 21. Red1 Ndf6 22. a3 Ng4 23. Bxe4 dxe4 24. Qc4+ Rf7 25. Nxf7 Qxf7 26. Qxf7+ Kxf7 27. d5 Nf6 28. b4 axb4 29. axb4 Bxf4 30. gxf4 Nxd5 31. Be5 Re7 32. b5 h6 33. Ra1 Ke6 34. Ra7 Bc8 35. Ra8 Bd7 36. Rg8 Be8 37. Rb1 Kf7 38. Rh8 h5 39. Kh2 Ke6 40. Kg3 Kf7 41. f3 exf3 42. Kxf3 Ke6 43. Rg8 Kf7 44. Rg7+ Ke6 45. Rxe7+ Kxe7 46. e4 fxe4+ 47. Kxe4 Ke6 48. Rg1 Bf7 49. Rc1 Be8 50. Bxc7 Bxb5 51. Be5 Nf6+ 52. Kd4 Ng4 53. Rb1 Be8 54. Rxb6+ Kf5 55. Rb8 Bf7 56. Rf8 Ke6 57. Ke4 Nh6 58. Rb8 Nf5 59. Rb6+ Ke7 60. Bf6+ Kd7 61. Ke5 Bc4 62. Rb7+ Ke8 63. Rb8+ Kd7 64. Bg5 Bf7 65. Kf6 Be8 66. Rb7+ Kd6 67. Rb8 Kd7 68. Ra8 Nd6 69. Ra7+ Kd8 70. Ke5+ 1-0

[Event "Titled Tue 13th Dec Late"]
[Site "chess.com INT"]
[Date "2022.12.13"]
[Round "9"]
[White "Svane, R."]
[Black "Kravtsiv, M."]
[Result "1-0"]
[WhiteElo "2622"]
[BlackElo "2598"]
[PlyCount "81"]
[EventDate "2022.12.13"]

1. Nf3 d5 2. g3 Nf6 3. Bg2 c5 4. O-O Nc6 5. d4 cxd4 6. Nxd4 e5 7. Nxc6 bxc6 8. c4 Be6 9. Nc3 Qd7 10. Qa4 Rc8 11. cxd5 cxd5 12. Qxd7+ Kxd7 13. Rd1 Bc5 14. Na4 h6 15. Nxc5+ Rxc5 16. f4 e4 17. h3 Rc2 $146 ({RR} 17... h5 18. Kf2 Rc2 19. b3 a6 20. Rd2 Rhc8 21. Rxc2 Rxc2 22. Be3 h4 23. gxh4 Nh5 24. Rd1 Kc6 25. Rc1 Rxc1 26. Bxc1 g6 27. e3 Ng7 28. Bf1 Kb6 29. Bb2 Nf5 30. Bf6 Bd7 31. Be2 Nh6 32. Bg5 {Ghasi,A (2506)-Milliet,S (2388) Casablanca MAR 2023 1-0 (56)}) 18. g4 Kc6 19. f5 Bd7 20. Rd2 Rxd2 21. Bxd2 h5 22. Rc1+ Kb7 23. g5 Ne8 24. Rc5 Bc6 25. Bc3 Nd6 26. Bxg7 Re8 27. f6 Re5 28. h4 Bd7 29. Bf8 Nf5 30. g6 Nxh4 31. gxf7 Rg5 32. Kf1 Rxg2 33. Bd6 Bg4 34. Rc2 Bh3 35. f8=Q Rg8+ 36. Kf2 Rxf8 37. Bxf8 Be6 38. Bd6 Nf5 39. Be5 h4 40. f7 e3+ 41. Kf3 1-0

[Event "Titled Tue 13th Dec Late"]
[Site "chess.com INT"]
[Date "2022.12.13"]
[Round "11"]
[White "Yoo, Christopher Woojin"]
[Black "Xiong, Jeffery"]
[Result "1-0"]
[WhiteElo "2575"]
[BlackElo "2692"]
[PlyCount "79"]
[EventDate "2022.12.13"]

1. Nf3 c5 2. b3 Nf6 3. Bb2 g6 4. c4 Bg7 5. g3 b6 6. Bg2 Bb7 7. O-O O-O 8. Nc3 d5 9. Ne5 ({RR} 9. cxd5 Nxd5 10. Qc1 Nc7 11. Rd1 Nc6 12. Ne4 Bxb2 13. Qxb2 Ne6 14. d3 Rc8 15. Rac1 Rc7 16. h4 Ned4 17. Nxd4 Qxd4 18. Qd2 Rd8 19. Qf4 Qe5 20. Qxe5 Nxe5 21. d4 Bxe4 22. Bxe4 Rcd7 23. e3 cxd4 {Nihal,S (2620)-Vachier Lagrave,M (2784) Chess.com INT 2020 0-1 (35)}) 9... e6 ({RR} 9... Nbd7 10. f4 e6 11. cxd5 Nxe5 12. fxe5 Nxd5 13. Ne4 Qc7 14. Nf6+ Nxf6 15. exf6 Bh6 16. Bxb7 Qxb7 17. Rf3 Rfd8 18. d3 Rd5 19. Qf1 Rad8 20. g4 Bf8 21. h4 h5 22. Qg2 Qd7 23. Kf2 Kh7 24. Rg1 {Pranesh,M (2586)-Melikyan,G (2239) chess.com INT 2025 0-1 (76)}) 10. e3 $146 ({RR} 10. Qc1 Qe7 11. d4 Na6 12. dxc5 Nxc5 13. b4 Na6 14. cxd5 exd5 15. Nd3 Rac8 16. b5 Nc5 17. Nxc5 bxc5 18. e3 d4 19. Na4 Bxg2 20. Kxg2 Qb7+ 21. Kg1 Qxb5 22. Qc2 Nd5 23. Rab1 Nb4 24. Qd1 Rfd8 {Chernikov,V (2258)-Cortes Marti,J (1996) Sueca 2022 0-1 (46)}) 10... Nfd7 11. Nxd7 Nxd7 12. d4 cxd4 13. exd4 Nf6 14. Ba3 Re8 15. Nb5 Qd7 16. Nd6 Red8 17. Rc1 Bf8 18. Nxb7 Qxb7 19. Bb2 a5 20. a4 Rac8 21. Qd3 Qd7 22. c5 Rc6 23. Qb5 Rb8 24. b4 axb4 25. a5 bxc5 26. Qxb8 c4 27. Qb5 Qc8 28. Ba1 Ne8 29. Qa4 Ra6 30. Rfe1 Nc7 31. h4 Qa8 32. Qd7 Ne8 33. Bxd5 Qxd5 34. Qxe8 c3 35. Bxc3 bxc3 36. Rxc3 Qxa5 37. Rec1 Ra8 38. Rc8 Rxc8 39. Rxc8 Qe1+ 40. Kg2 1-0